Statistics for U.S. States by Incomplete Outlines #2

Click here to take the quiz!

General Stats

  • This quiz has been taken 35 times
  • The average score is 4 of 10

Answers on the Map

Answers color-coded by a green-red scale on the quiz's map according to % correct below.
 

Answer Stats

States% Correct
Oklahoma
91%
Hawaii
75%
New Mexico
56%
Missouri
53%
Alabama
44%
Virginia
25%
Indiana
19%
South Carolina
16%
South Dakota
16%
Maine
6%

Score Distribution

Percentile by Number Answered

Percent of People with Each Score

Your Score History

You have not taken this quiz